Normal view
MARC view
- Reflection
Entry Topical Term
001 - CONTROL NUMBER
- control field: 119641
003 - CONTROL NUMBER IDENTIFIER
- control field: NUST
005 - DATE AND TIME OF LATEST TRANSACTION
- control field: 20231211151715.0
008 - FIXED-LENGTH DATA ELEMENTS
- fixed length control field: 231211|| aca||aabn | a|a d
040 ## - CATALOGING SOURCE
- Original cataloging agency: NUST
- Transcribing agency: NUST
150 ## - HEADING--TOPICAL TERM
- Topical term or geographic name entry element: Reflection
670 ## - SOURCE DATA FOUND
- Source citation: Work cat.: (NUST)607221: Sarfraz, Naeem 119640, Reflections /, 2022.
